01081nam a22002771 4500001001300000003000400013005001700017008004100034010001700075040003700092043001200129050001600141110002800157245012700185260006100312300008900373500004700462500009200509504006500601500002300666650001900689650002400708650001900732740003500751999001700786gs 05000853 DLC20260227111302.0870417m18731883ohuabf b s00000 ger c ags 05000853  aU.S. Geol. Survey Libr./ICUcICU an-us-oh0 aQE151b.A5210aOhio.bChief Geologist.10aBericht über die Geologische aufnahme von Ohio ...bVeröffentlicht gemäss der autorität der Gesetzgebung von Ohio.0 aColumbus,bL. Heinmiller, staatsdrucker [etc.]c1873-83. a4 v. in 6.bfront. (v. 2, pt. 1) illus., plates, maps (part col.) tables.c25-26 cm. aPart of the illustrative matter is folded. aState geologists: 1869-82, John Strong Newberry.--1883-99, Edward Francis Baxter Orton. a"Bibliographie der ornithologie von Ohio": v. 4, p. 641-660. aNo more published. 0aGeologyzOhio. 0aPaleontologyzOhio. 0aZoologyzOhio.01aGeologische aufnahme von Ohio. c24306d24306